00889nam a22002537a 4500003000900000005001700009008004500026020001600071040002200087092001500109100002800124245006000152250002300212260003500235300003700270490003100307500005600338830003100394942001200425945003900437952010300476956003900579999001700618DO-SdBNP20180402083325.0171121b 1992 sp ||||| |||| 00| 0 spa d a843204542X  aBPMSUbspacBPMSU axxxxbxxxx1 aHerren, Ricardo,d1940-10aLa conquista erótica de las Indias /cRicardo Herren. a2a reimp del 1992. aBarcelona : bPlaneta, c1991. a268 p. : bil., mapas ; c21 cm.1 aMemoria de la historiav53 aIncluye datos del autor en la solapa de la cubierta aMemoria de la historiav53 2ddccBK aRemanejado para la BNPHU / 2018 VM 00102ddc40708CGaBPMETbBPMETd2017-11-21eFUNDIl0pBPMSU17110276r2017-11-21w2017-11-21yBK aLOPEREZb10c20171121h0041iBPMSU c12968d12968